National Anthem of Switzerland (French) - Cantique suisse - Statistics

General Stats
  • This quiz has been taken 14 times
  • The average score is 28 of 48
Answer Stats
Lyrics % Correct
le
100%
le
100%
soleil
100%
Sur
100%
monts,
88%
nos
88%
quand
88%
brillant
75%
Et
75%
réveil,
75%
un
75%
à
63%
de
63%
la
63%
Les
63%
Les
63%
Les
63%
patrie
63%
Annonce
50%
attendrie;
50%
Au
50%
Au
50%
beau
50%
beautés
50%
ciel
50%
ciel
50%
d'un
50%
d'un
50%
d'un
50%
jour
50%
joyeaux
50%
joyeaux
50%
l'âme
50%
plus
50%
plus
50%
plus
50%
prédit
50%
retour,
50%
accents
38%
accents
38%
cœur
38%
cœur
38%
émus
38%
montent
38%
montent
38%
Parlent
38%
pieux,
38%
pieux.
38%
No matching quizzes found
Score Distribution
Percent of People with Each Score
Percentile by Number Answered
Your Score History
You have not taken this quiz